00456cam a2200169ua 4500001000400000008003900004020001800043040000900061082000800070245005500078250000900133260004200142300002200184653002300206653002900229700002800258352110330n ii |||gr||||Z||||||eng a81-7041-708-2 cMAIN a3271 aInternational relations.cBy Binay Kumar Malhotra. a1st. aNew Delhi.:bAnmol publications.,998. axvi, 543 p.:5 cm. aPolitical science. aInternational relations. aMalhotra, Binay Kumar.,